<?xml version="1.0" encoding="UTF-8"?>
<collection xmlns="http://www.loc.gov/MARC21/slim">
  <record>
    <leader>00000nam  2200000   4500</leader>
    <controlfield tag="001">INLIS000000000015972</controlfield>
    <controlfield tag="005">20231013090215</controlfield>
    <datafield tag="035" ind1="#" ind2="#">
      <subfield code="a">0010-1023000054</subfield>
    </datafield>
    <datafield tag="245" ind1="1" ind2="#">
      <subfield code="a">Kolaborasi Pengelolaan Pelayanan Kesehatan Anggota Polri Polda Sumatera Utara /</subfield>
      <subfield code="c">Agustinus M. Nardi Triyono</subfield>
    </datafield>
    <datafield tag="100" ind1=" " ind2="#">
      <subfield code="a">Agustunis M. Nardi Triyono</subfield>
    </datafield>
    <datafield tag="250" ind1="#" ind2="#">
      <subfield code="a">1</subfield>
    </datafield>
    <datafield tag="300" ind1="#" ind2="#">
      <subfield code="a">77 halaman :</subfield>
      <subfield code="b">ilus ;</subfield>
      <subfield code="c">30 cm</subfield>
    </datafield>
    <datafield tag="856" ind1="#" ind2="#">
      <subfield code="a">Perpustakaan LAN Pusat</subfield>
    </datafield>
    <datafield tag="260" ind1="#" ind2="#">
      <subfield code="a">Jakarta :</subfield>
      <subfield code="b">Pusbangkom Pimnas dan Manajerial ASN,</subfield>
      <subfield code="c">2022</subfield>
    </datafield>
    <datafield tag="084" ind1="#" ind2="#">
      <subfield code="a">R 097 PIM I 2022</subfield>
    </datafield>
    <datafield tag="650" ind1="#" ind2="4">
      <subfield code="a">Kesehatan</subfield>
    </datafield>
    <datafield tag="520" ind1="#" ind2="#">
      <subfield code="a">Pelayanan kesehatan merupakan upaya yang diberikan kepada setiap anggota Polri dan keluarganya untuk mencapai derajat kesehatan yang optimal. Tidak optimalnya kondisi kesehatan anggota Polri berdampak pada pelaksanaan tugas pemeliharaan kamtibmas; pemberian perlindungan , pengayoman dan pelayanan terhadap masyarakat serta penegakan hukum tidak berjalan efektif dan mempengaruhi tingakt kepercayaan masyarakat terhadap polri. Tujuan dari adanya proper ini adalah tersusunnya dan terlaksananya mekanisme kolaborasi pelayanan kesehatan anggota Polri yang dituangkan dalam bentuk peraturan serta tersusunya database kesehatan anggota Polri.</subfield>
    </datafield>
    <controlfield tag="008">231013################|##########|#|##</controlfield>
    <datafield tag="990" ind1="#" ind2="#">
      <subfield code="a">097</subfield>
    </datafield>
  </record>
</collection>
